| 000 | 00708nam a2200229 u 4500 | ||
|---|---|---|---|
| 005 | 20231018063538.0 | ||
| 008 | 130827s2011 mx r 000 0 spa d | ||
| 020 | _a9786072402799 | ||
| 035 | _aUPN01000192484 | ||
| 049 | _aCG | ||
| 050 | 4 |
_aPQ7298.29 A5.4 _bM8.5 |
|
| 100 | 1 |
_aSandoval, Jaime Alfonso, _d1972- _930609 |
|
| 245 | 1 | 0 |
_aMundo umbrío / _cJaime Alfonso Sandoval. |
| 260 |
_aMéxico : _bSM, _c2011. |
||
| 300 | _a3 v. | ||
| 500 | _aLa biblioteca tiene el v.1 | ||
| 505 | 8 |
_aContenido: _gv.1. _tLas dos muertes de Lina Posada -- _gv.2. _tLa traición de Lina Posada -- _gv.3. |
|
| 650 | 4 |
_aNovela mexicana _94557 |
|
| 650 | 4 |
_aVampiros _vNovela _916222 |
|
| 905 | _aLibro | ||
| 999 |
_c164586 _d164586 |
||